000 00766nam a2200277 a 4500
001 76185
003 BD-RjUL
005 20211209082814.0
008 191107s1949 us a 00100 eng d
035 _a(BD-RjUL)76406
035 _a2508576
040 _aANL
_beng
_dANL
_cBD-RjUL
041 _aeng
082 0 _223
_a664.02845
_bFLF 1949
100 1 _aFlosdorf, Earl W.
_9234642
245 1 0 _aFreeze-Drying /
_cdrying by sublimation / by Earl W. Flosdorf.
260 _aNew York :
_bReinhold,
_c1949.
300 _a280 p. :
_bill. ;
_c23 cm.
500 _aIncludes index.
504 _aBibliography.
650 0 _aFrozen foods.
_9234643
650 0 _aFreeze-drying.
_9234644
650 0 _aFreeze-dried foods.
_9234645
942 _2ddc
_cBK
999 _c76185
_d76185